| 000 | 01257 a2200253 4500 | ||
|---|---|---|---|
| 001 | 116461 | ||
| 020 | _a9788535642759 | ||
| 020 | _q(broch.) | ||
| 041 | _apor | ||
| 082 | _a028.5 | ||
| 100 | _aCampbells, Edméa | ||
| 490 | _aLivros divertidos / Série cade? | ||
| 520 | _aO livro "Bichinho de estimação" é uma história de amizade que relata o dia em que o potrinho perdeu o seu bichinho de estimação; a vaca, vendo seu amigo triste, resolveu ajudar; mas tem só um problema: o potrinho não fornece muitos detalhes sobre o seu bichinho; enquanto procuram, encontram outros animais que se juntam a eles; cada animal convida outro para a aventura misteriosa de desvendar qual o bichinho de estimação do potrinho; para cada amigo que se junta à procura, ficamos sabendo de mais uma nova informação sobre o bichinho, até que no final temos uma grande surpresa. | ||
| 521 | _aIK | ||
| 697 | _aLiteratura infanto-juvenil | ||
| 856 | _u000004/00000427.jpg | ||
| 040 |
_aBR-BrIDEA _cBR-BrIDEA |
||
| 090 |
_aP SK 028 _bCAM |
||
| 245 | 1 | 0 |
_aBichinho de estimação _cEdméa Campbells; ilustrações de Cris Eich |
| 260 |
_aSão Paulo _bPaulinas _c2017 |
||
| 300 |
_a[s.p.] _bil., color |
||
| 700 |
_aEich, Cris _eilustrador |
||
| 942 | _cBK | ||
| 999 |
_c116461 _d116461 |
||